100 facts for 100 numbers Quiz Stats

 Plays Quiz not verified by Sporcle

Challenge
Share
Tweet
Embed
Score 0/100 Timer 15:00
0 Plays Today
% Correct
???
13.4%
???
13.4%
???
12.4%
???
12.4%
???
12.4%
???
12.4%
???
11.3%
???
11.3%
???
11.3%
???
11.3%
???
11.3%
???
11.3%
???
11.3%
???
10.3%
???
10.3%
???
10.3%
???
10.3%
???
10.3%
???
10.3%
???
10.3%
???
9.3%
???
9.3%
???
9.3%
???
9.3%
???
9.3%
???
9.3%
???
9.3%
???
9.3%
???
9.3%
???
9.3%
???
9.3%
???
9.3%
???
9.3%
???
9.3%
% Correct
???
9.3%
???
9.3%
???
8.2%
???
8.2%
???
8.2%
???
8.2%
???
8.2%
???
8.2%
???
8.2%
???
8.2%
???
8.2%
???
8.2%
???
8.2%
???
7.2%
???
7.2%
???
7.2%
???
7.2%
???
7.2%
???
7.2%
???
7.2%
???
7.2%
???
7.2%
???
7.2%
???
7.2%
???
7.2%
???
7.2%
???
7.2%
???
7.2%
???
7.2%
???
7.2%
???
7.2%
???
6.2%
???
6.2%
???
6.2%
% Correct
???
6.2%
???
6.2%
???
6.2%
???
6.2%
???
6.2%
???
6.2%
???
6.2%
???
6.2%
???
6.2%
???
6.2%
???
6.2%
???
6.2%
???
5.2%
???
5.2%
???
5.2%
???
5.2%
???
5.2%
???
5.2%
???
5.2%
???
5.2%
???
5.2%
???
5.2%
???
5.2%
???
5.2%
???
5.2%
???
4.1%
???
4.1%
???
4.1%
???
4.1%
???
3.1%
???
3.1%
???
3.1%

You're not logged in!

Compare scores with friends on all Sporcle quizzes.
OR
Log In

You Might Also Like...

Show Comments

Extras

Created May 20, 2017ReportNominate
Tags:Clickable Quiz, 100

Top Quizzes Today


Score Distribution

Your Account Isn't Verified!

In order to create a playlist on Sporcle, you need to verify the email address you used during registration. Go to your Sporcle Settings to finish the process.

Report this User

Report this user for behavior that violates our Community Guidelines.

Details: